000 00615nam a22001937a 4500
999 _c15382
_d15382
003 AR-CdUCM
008 190426b ||||| |||| 00| 0 spa d
040 _aMUNICIPALIDAD PROVINCIAL DEL CUSCO
_cBIBLIOTECA MUNICIPAL DEL CUSCO
082 _aPI / 372.64 /
_bAB16
245 _aLa abuelita del Pato Pepe /
260 _aPerú :
_bNavarrete.
300 _a16 páginas ;
_bilustraciones,
_c30 cm.
650 _aCuentos infantiles
_93927
650 _aLiteratura infantil
_9588
650 _aAprendizaje
_92143
710 _aCorporación Gráfica Navarrete.
_933296
942 _2ddc
_cLIBROS
945 _aachl
_d2019-04-26